| 000 | 00381nam a22001457a 4500 | ||
|---|---|---|---|
| 082 | _aP-625 | ||
| 100 |
_aFasial Bilal _950822 |
||
| 245 | _aSeismic zonation of islamabad city based on geotechnical testing | ||
| 260 |
_aRisalpur, _bMCE, _c2015. |
||
| 300 | _a131p. | ||
| 526 |
_a0 _b0 _c0 _dP_625 |
||
| 526 |
_a0 _b0 _c0 _dP_625 |
||
| 700 |
_aMamoon Ahmad _950823 |
||
| 942 |
_2ddc _cBK |
||
| 999 |
_c553560 _d553560 |
||